LIBRARY & INFORMATION CENTRE, KCAET, TAVANUR

ONLINE PUBLIC ACCESS CATALOGUE (OPAC)

Normal view MARC view
  • Chopra, Anil K

Entry Personal Name

Number of records used in: 1

001 - CONTROL NUMBER

  • control field: 7529

003 - CONTROL NUMBER IDENTIFIER

  • control field: OSt

005 - DATE AND TIME OF LATEST TRANSACTION

  • control field: 20250602171153.0

008 - FIXED-LENGTH DATA ELEMENTS

  • fixed length control field: 250602|| aca||aabn | a|a d

040 ## - CATALOGING SOURCE

  • Original cataloging agency: OSt
  • Transcribing agency: OSt

100 ## - HEADING--PERSONAL NAME

  • Personal name: Chopra, Anil K

670 ## - SOURCE DATA FOUND

  • Source citation: Work cat.: (OSt)13273: Chopra, Anil K ., Dynamics of structures: theory and applications to earthquake engineering / , 2007.
free website counter